| 000 | 00604nam a2200193 i 4500 | ||
|---|---|---|---|
| 001 | 131426 | ||
| 003 | ES-MaACL | ||
| 005 | 20250808232907.0 | ||
| 007 | t| | ||
| 008 | 070214s1981 sp r ||||1| spa d | ||
| 100 | 1 |
_aRoca Sastre, Ramón María, _d1899-1979 _998011 |
|
| 245 | 1 | 0 |
_aEstudios sobre sucesiones / _cRamón Mª Roca Sastre. |
| 260 |
_aMadrid : _bInstituto de España, _c1981. |
||
| 300 |
_a2 v. ; _c24 cm. |
||
| 650 | 7 |
_aHerencias y sucesiones- _zEspaña _2 _9162042 |
|
| 710 | 2 |
_aInstituto de España. _94873 |
|
| 852 |
_aES-MaACL _jL-1354-5 _bR.102173 |
||
| 999 |
_c131426 _d131426 |
||